|
|
|
|
| LEADER |
02083nam a2200529 i 4500 |
| 001 |
nkc20193118589 |
| 003 |
CZ PrNK |
| 005 |
20231114160851.0 |
| 007 |
ta |
| 008 |
190722s2018 xr abe e c 000 0 cze |
| 020 |
|
|
|a 978-80-88240-09-9
|q (brožováno)
|
| 040 |
|
|
|a ABA001
|b cze
|e rda
|
| 043 |
|
|
|a e-xr---
|b e-xr-mr
|b e-xr-sl
|2 czenas
|
| 045 |
|
|
|a x1x3
|
| 072 |
|
7 |
|a 72
|x Architektura
|2 Konspekt
|9 21
|
| 080 |
|
|
|a 72
|2 MRF
|
| 080 |
|
|
|a 72.036/.038
|2 MRF
|
| 080 |
|
|
|a (437.32)
|2 MRF
|
| 080 |
|
|
|a (437.33)
|2 MRF
|
| 080 |
|
|
|a (083.824)
|2 MRF
|
| 100 |
1 |
|
|a Strakoš, Martin,
|d 1972-
|7 jo2002109970
|4 aut
|
| 245 |
1 |
0 |
|a Nová architektura mezi centry a periferiemi, aneb, Architektura první Československé republiky na pomezí Moravy a Slezska /
|c text Martin Strakoš
|
| 246 |
3 |
0 |
|a Architektura první Československé republiky na pomezí Moravy a Slezska
|
| 264 |
|
1 |
|a Ostrava :
|b Národní památkový ústav, územní odborné pracoviště v Ostravě,
|c 2018
|
| 300 |
|
|
|a 40 stran :
|b ilustrace (některé barevné), mapy, plány ;
|c 23 cm
|
| 336 |
|
|
|a text
|b txt
|2 rdacontent
|
| 336 |
|
|
|a statický obraz
|b sti
|2 rdacontent
|
| 337 |
|
|
|a bez média
|b n
|2 rdamedia
|
| 338 |
|
|
|a svazek
|b nc
|2 rdacarrier
|
| 500 |
|
|
|a Výstava se konala 19.10.2018-30.4.2019
|
| 648 |
|
7 |
|a 20. století
|7 ch460558
|2 czenas
|
| 648 |
|
7 |
|a 1918-1938
|7 ch460648
|2 czenas
|
| 650 |
0 |
7 |
|a architektura
|7 ph118586
|z Česko
|y 20. století
|2 czenas
|
| 650 |
0 |
7 |
|a moderní architektura
|7 ph115339
|z Česko
|2 czenas
|
| 650 |
0 |
9 |
|a architecture
|z Czechia
|y 20th century
|2 eczenas
|
| 650 |
0 |
9 |
|a modern architecture
|z Czechia
|2 eczenas
|
| 651 |
|
7 |
|a Morava (Česko)
|7 ge130070
|2 czenas
|
| 651 |
|
7 |
|a Slezsko (Česko)
|7 ge138041
|2 czenas
|
| 651 |
|
9 |
|a Moravia (Czechia)
|2 eczenas
|
| 651 |
|
9 |
|a Silesia (Czechia)
|2 eczenas
|
| 655 |
|
7 |
|a katalogy výstav
|7 fd132536
|2 czenas
|
| 655 |
|
9 |
|a exhibition catalogs
|2 eczenas
|
| 910 |
2 |
|
|a BOA001
|b 2-1435.844
|
| 990 |
|
|
|a BK
|
| 995 |
|
|
|a 11
|
| 991 |
|
|
|b 201910
|c NOV
|
| 996 |
6 |
|
|b 2610799042
|c 2-1435.844
|l MZK
|r Sklad / do 1 hodiny
|n 1
|p p.v.
|w 001759343
|u 000010
|a 1
|e BOA001
|j MZK50
|s P
|